00346nam a22001097a 4500082000800000100002000008245009900028260003600127300001900163650003400182700002000216 a004 aAshraf, Naveeda aAnalysis of Hardware Rooted Security System Implementation in Mobile Devices /cNaveeda Ashraf aIslamabad :bMCS - NUST,c2017. a88 p. ;c30cm. aInformation Securit-MS-Thesis aDr. Rabia Latif